000 00567nam a2200193Ia 4500
005 20250326142008.0
008 250326s9999 xx 000 0 und d
020 _a81-7100-096-7
037 _aTextbook
040 _aFMSL
_beng
_cFMSL
041 _aeng
_2eng
084 _aX:97D.44 M8
_qFMSL
100 _aTripathi S D
_9127032
245 0 _aTrade union management relations in India
_cTripathi S D; Arya P P
260 _aNew Delhi
_bNew Delhi, Deep & Deep Pub.
_c1988
300 _a544p
942 _cTB
_hX:97D.44 M8
999 _c1292958
_d1292958